Statystyki dla Kraje w Kalendarzu WEC 2024

Kliknij tutaj aby rozwiązać quiz!

Ogólne statystyki

  • Ten quiz został rozwiązany 12 razy
  • Średni wynik to 6 z 8

Statystyki odpowiedzi

RundaKraj% Poprawnych
6USA
90%
3Belgia
80%
7Japonia
80%
4Francja
70%
1Katar
70%
2Włochy
70%
8Bahrajn
60%
5Brazylia
50%

Rozkład punktacji

Percentyl według liczby udzielonych odpowiedzi

Procent ludzi z każdym wynikiem

Twoja historia wyników

Nie rozwiązałeś tego quizu